000 00581nam a22001817a 4500
008 170401s2015 xxc||||| |||| 00| 0 eng d
082 0 4 _a701.03
_bA666s
110 1 _aCity of Calgary.
_95769
245 1 0 _aService request :
_bsummary report 07-00091024 /
_cCity of Calgary ; entrevista con The Arbour Lake Sghool.
250 _a1a ed.
260 _aCanadá :
_bSecond Culture Press,
_c2015.
300 _a38 p.
653 1 0 _aArte contemporáneo
653 1 0 _aArte colectivo
653 1 0 _aArte - Comunidad
653 1 0 _aArte - Sociedad
710 1 _aThe Arbour Lake Sghool.
_95770
999 _c1169
_d1169